| 000 | 01679aam a2200301 4500 | ||
|---|---|---|---|
| 001 | 19465 | ||
| 003 | CO-MdFUSB | ||
| 005 | 20180622165144.0 | ||
| 008 | 170403t1997 enk||||f |||| 00| 0 eng d | ||
| 020 | _a0-19-815091-1 | ||
| 040 |
_aCO-MdFUSB _bspa _cCO-MdFUSB _dCO-MdFUSBC _erda |
||
| 041 | _aeng | ||
| 082 |
_224 _aG 232.5 _bR436r |
||
| 100 | 1 | _aDavis, Stephen T., (Editor) | |
| 245 | 1 | 4 |
_aThe Resurrection _b: An interdisciplinary symposium on the resurrection of Jesus _c/ Editado por Stephen T. Davis, Daniel Kendall, Gerald O'Collins |
| 264 | 1 |
_aOxford, England : _bOxford University Press, _c℗1997 |
|
| 264 | 4 | _c©1997 | |
| 300 |
_axxii, 368 páginas _b: _c; |
||
| 336 |
_2rdacontent _a1 _ba1 |
||
| 337 |
_2rdamedia _a2 _b5 |
||
| 338 |
_2rdacarrier _a2 _b5 |
||
| 500 | _aIncluye índice (p. 361-368) | ||
| 505 | 0 | 0 | _aLa resurrección: El estado de las cuestiones - Resurrección y la Nueva Jerusalén - Resurrección como gloria: La presencia divina y los orígenes cristianos - La vida después de la muerte: Las fuentes sociales - Al ver Jesús resucitado - La crítica bíblica y la resurrección - La evidencia de la resurrección - La resurrección de la teología fundamental de Jesús y la teología fundamental de los católicos romanos - John Dominic Crossan sobre la resurrección de Jesús - Asesoramiento para los historiadores religiosos: El mito de un Jesús puramente histórico - La predicación de la resurrección de Cristo en Agustín, Lutero, Barth y Thielicke - La ética de transformación: Las implicaciones morales de la resurrección |
| 563 | _aPasta dura | ||
| 650 | 7 |
_9214 _aResurrección |
|
| 942 | _cBK | ||
| 999 |
_c45830 _d45830 |
||